Iconic Mountains - Statistics

General Stats
  • This quiz has been taken 15 times
  • The average score is 8 of 26
Answer Stats
Picture Answer % Correct
Mount Fuji
92%
Mount Everest
85%
Matterhorn
77%
Denali
69%
K2
69%
Kilimanjaro
69%
Table Mountain
54%
Mount Rainier
38%
Sugarloaf
38%
Devils Tower
31%
Half Dome
31%
Mount Elbrus
31%
Aconcagua
23%
Ben Nevis
23%
Annapurna
15%
Aoraki/Mount Cook
15%
Chimborazo
15%
Grand Teton
15%
Cerro Paine Grande
8%
Nanga Parbat
8%
Alpomayo
0%
Eiger
0%
Mount Kailash
0%
Mount Olympus
0%
Mount Robson
0%
Nanda Devi
0%
No matching quizzes found
Score Distribution
Percent of People with Each Score
Percentile by Number Answered
Your Score History
You have not taken this quiz